E27(舞鶴若狭道)のIC - Statistics

General Stats
  • This quiz has been taken 46 times
  • The average score is 17 of 24
Answer Stats
舞鶴若狭道 % Correct
JCT 敦賀
89%
JCT 吉川
83%
IC 綾部
83%
JCT 綾部
83%
PA 綾部
83%
PA 舞鶴
83%
IC 小浜
83%
IC 福知山
81%
IC 舞鶴西
81%
IC 舞鶴東
81%
PA/SIC 三方五湖
75%
SA 西紀
72%
IC 大飯高浜
72%
IC 小浜西
69%
IC 丹南篠山口
67%
IC/JCT 春日
67%
IC 三田西
56%
PA 六人部
56%
PA 上荒川
53%
IC 若狭美浜
50%
SIC 敦賀南
50%
PA 加斗
47%
IC 若狭上中
47%
IC 若狭三方
47%
No matching quizzes found
Score Distribution
Percent of People with Each Score
Percentile by Number Answered
Your Score History
You have not taken this quiz